Normal view
MARC view
Entry Nombre personal
001 - NÚMERO DE CONTROL
- campo de control: 139283
003 - IDENTIFICADOR DEL NÚMERO DE CONTROL
- campo de control: OSt
005 - FECHA Y HORA DE LA ÚLTIMA TRANSACCIÓN
- campo de control: 20220127155915.0
008 - DATOS DE LONGITUD FIJA
- campo de control de longitud fija: 220127|| aca||aabn | a|a d
040 ## - FUENTE DE LA CATALOGACIÓN
- Centro catalogador/agencia de origen: OSt
- Centro/agencia transcriptor: OSt
100 ## - ENCABEZAMIENTO-NOMBRE DE PERSONA
- Nombre de persona: Garcés Jarillo, Víctor Manuel II. Cruz García, Irma Patricia
670 ## - FUENTE DE DATOS ENCONTRADOS
- Cita de la fuente: Work cat.: (OSt)165388: González Guiza, Juan Manuel 49010, Efecto del período de descanso sobre el crecimiento y utilización de una pradera asociada gramínea (Dactylis glomerata var. Potomac) y leguminosa (Medicago sativa var. Valenciana) fase IV (agosto-diciembre 1989) /, 1992
